STANDARD germination tests

Bibliographic Details
Format: Book
Published: Saraburi, Thailand : ASEAN-Canada Forest Tree Seed Centre , 1991
Series:Training course proceedings ; v. no.2.
Subjects:

MARC

LEADER 00000cam a2200000 7i4500
001 0000001332
005 20140419.0
020 0 0 |a 9747612704 
090 0 0 |a 571.8642   |b STA 1991 
245 0 0 |a STANDARD germination tests 
260 0 0 |a Saraburi, Thailand :   |b ASEAN-Canada Forest Tree Seed Centre ,   |c 1991 
300 |a 79 p. :   |b ill. ;   |c 25 cm. 
440 0 0 |a Training course proceedings ; v. no.2. 
650 0 0 |a Germination   |x Standards 
998 |a JPSM 
999 |a 0000002336   |b Monograph   |c Open Shelf   |e Default branch